| 000 | 00756nam a2200217Ia 4500 | ||
|---|---|---|---|
| 003 | GCL | ||
| 008 | 140319s9999 xx 000 0 ara d | ||
| 020 | _a6586086977 | ||
| 040 |
_aGCL / _cGCL |
||
| 082 | 0 | 4 |
_a372.218 _bو د |
| 100 | 1 | _aوجدان الشمرى | |
| 245 | 1 | 0 |
_aدور القصة فى تنمية القدرات والسمات الابداعية لدى اطفال الروضة / _cوجدان الشمرى |
| 250 | _aالاولى | ||
| 260 |
_aالقاهرة : _bالدار العالمية للنشر والتوزيع ، _c2005 |
||
| 300 |
_a188 ص ؛ _c24 سم |
||
| 650 | 0 | 4 | _aقصص الاطفال |
| 650 | 0 | 4 | _aادب الاطفال |
| 650 | 0 | 4 | _aالاطفال - رعاية |
| 650 | 0 | 4 | _aالاطفال - قصص |
| 942 |
_2ddc _cBK |
||
| 999 |
_c7399 _d7399 |
||